000
00203 a2200109 4500
020
_a
9780060540937
041
_a
eng
100
_a
Jance, J.A.
245
_a
Justice Denied
942
_c
BK
952
_7
1
999
_c
18267
_d
18267